000 00361 a2200157 4500
001 153524
040 _cEscola São Tomás de Aquino
100 _aWATANABE, Luci Guimarães
240 1 0 _aCanção para Débora
_lpor
245 1 0 _aCanção para Débora
300 _a70
362 0 _a1989
440 1 _aFTD
697 _a*LITERATURA JUVENIL
942 _cBK
999 _c153524
_d153524